|
|
|
|
| LEADER |
01593cas a2200253 a 4500 |
| 001 |
AALejournalIMF012513 |
| 008 |
230101c9999 xx r poo 0 0eng d |
| 020 |
|
|
|c 30.00 USD
|
| 020 |
|
|
|z 9781589060166
|
| 022 |
|
|
|a 2663-3760
|
| 040 |
|
|
|a BD-DhAAL
|c BD-DhAAL
|
| 110 |
2 |
|
|a International Monetary Fund.
|b Statistics Dept.
|
| 240 |
1 |
0 |
|a Manual de Estadisticas Monetarias y Financieras.
|l Spanish
|
| 245 |
1 |
0 |
|a Manual de Estadisticas Monetarias y Financieras.
|
| 264 |
|
1 |
|a Washington, D.C. :
|b International Monetary Fund,
|c 2000.
|
| 300 |
|
|
|a 1 online resource (164 pages)
|
| 490 |
1 |
|
|a Manuals and Guides
|
| 500 |
|
|
|a <strong>Off-Campus Access:</strong> No User ID or Password Required
|
| 500 |
|
|
|a <strong>On-Campus Access:</strong> No User ID or Password Required
|
| 506 |
|
|
|a Electronic access restricted to authorized BRAC University faculty, staff and students
|
| 520 |
3 |
|
|a Este Manual ofrece directrices para la presentacion de las estadisticas monetarias y financieras. El manual incluye un conjunto de instrumentos para identificar, clasificar y registrar stocks y flujos de activos y pasivos financieros, describe marcos normalizados y analiticos para la presentacion de las estadisticas y define un conjunto de agregados de utilidad analitica. Los conceptos y principios que se presentan en el manual coinciden con los del Sistema de Cuentas Nacionales 1993.
|
| 538 |
|
|
|a Mode of access: Internet
|
| 830 |
|
0 |
|a Manuals and Guides; MG
|
| 856 |
4 |
0 |
|z Full text available on IMF
|u http://elibrary.imf.org/view/books/069/04675-9781589060166-es/04675-9781589060166-es-book.xml
|z IMF e-Library
|